000 00590nam a2200229Ia 4500
003 OSt
005 20221005123631.0
006 a|||||r|||| 00| 0
007 ta
008 221004b |||||||| |||| 00| 0 eng d
024 _a58389
037 _cTextual
040 _aCRL
_cCRL
_beng
041 _2eng
_aeng
082 _aV2:25wN00, J2
100 _aGuthrie Anne
_9633931
245 0 _aMadame ambassador
_b The life of Vijaya Lakshmi Pandit.
260 _c1952
650 _aHISTORY
942 _hV2:25wN00, J2
_cTEXL
_2cc
999 _c1047976
_d1047976